01277nam a22002417a 450000500170000001000260001702000270004303500130007003500170008303500130010003700180011303700130013108200140014410000210015824500630017925000110024226000400025327000570029330000480035050000190039850505890041765000290100620180213113924.0 a1516EN07 ENG-114625 a9789380853970c1295.00 aEN-98157 aB-605749-763 aB-663682 aDPLbViva/Ven bDBAD/PUB a628.50154 aGirard, James E. aPrinciples of environmental chemistry /cby James E.Girard a3rd ed aNew DelhibJones and Bartlettc2015 aB-1,4262/3,Ansari Road, DaryaganjbNew Delhie110002 axxiii,711p.: c25cm(pbk)bill aIncludes index aPlanet Earth : rocks, life, and history -- The Earth's atmosphere -- Global warming and climate change -- Chemistry of the troposphere -- Chemistry of the stratosphere -- Analysis of air and air pollutants -- Water resources -- Water pollution and water treatment -- Analysis of water and wastewater -- Fossil fuels : our major source of energy -- Nuclear power -- Energy sources for the future -- Inorganic metals in the environment -- Organic chemicals in the environment -- Insecticides, herbicides, and insect control -- Toxicology -- Asbestos -- The disposal of dangerous wastes. aEnvironmental chemistry.